|
|
|
|
| LEADER |
00000cam a2200000 4500 |
| 001 |
vtls011975860 |
| 003 |
SK-MaSNL |
| 005 |
20260425234013.0 |
| 008 |
210223s2019 xo oda frn 100 0dslo |
| 015 |
|
|
|a SNBA2020/06
|
| 020 |
|
|
|a 9788022348133
|q (brožované)
|
| 035 |
|
|
|a urn:nbn:sk:snk-am00en94
|
| 035 |
|
|
|a urn:nbn:sk:snk-am3ikip
|
| 035 |
|
|
|a 67C4EB47-7932-4ABD-9984-FA31A9D244ED
|
| 040 |
|
|
|a SNK
|b slo
|c SNK
|e rda
|
| 041 |
0 |
|
|a slo
|a eng
|b eng
|
| 043 |
|
|
|a e-xo---
|
| 044 |
|
|
|a xo
|c SK
|
| 072 |
|
7 |
|a 615
|x Farmácia. Farmakológia
|2 konspekt
|
| 080 |
|
|
|a 615.011/.099
|2 2011
|
| 080 |
|
|
|a (082)
|2 2011
|
| 080 |
|
|
|a (062.534)
|2 2011
|
| 080 |
|
|
|a (437.6)
|2 2011
|
| 111 |
2 |
|
|a Deň mladých farmakológov
|n (23. :
|d 2019 :
|c Bratislava, Slovensko)
|4 aut
|9 506408
|
| 245 |
1 |
0 |
|a Pokroky vo farmakológii v Slovenskej republike XIV
|c editor: Ján Klimas
|
| 250 |
|
|
|a Prvé vydanie
|
| 264 |
|
1 |
|a Bratislava
|b Univerzita Komenského v Bratislave, Farmaceutická fakulta
|c 2019
|
| 300 |
|
|
|a 95 strán
|b schémy, grafy, tabuľky
|c 24 cm
|
| 336 |
|
|
|a text
|b txt
|2 rdacontent
|
| 337 |
|
|
|a bez média
|b n
|2 rdamedia
|
| 338 |
|
|
|a zväzok
|b nc
|2 rdacarrier
|
| 500 |
|
|
|a Venované spomienke na priekopníkov slovenskej experimentálnej a klinickej farmakológie prof. MUDr. Františka Šveca, DrSc. a prof. MUDr. Pavla Šveca, DrSc.
|
| 504 |
|
|
|a Obsahuje bibliografiu v rámci jednotlivých príspevkov
|
| 546 |
|
|
|a Text čiastočne anglicky ; anglické resumé
|
| 650 |
0 |
7 |
|a farmakológia
|2 SNKPH
|9 2468
|
| 650 |
0 |
7 |
|a Pharmacology
|2 SNKPHeng
|9 267834
|
| 651 |
|
7 |
|a Slovensko
|2 SNKPHgeo
|9 14231
|
| 651 |
|
7 |
|a Slovakia
|2 SNKPHeng
|9 92630
|
| 655 |
|
7 |
|a Proceedings of conferences
|2 SNKPHeng
|9 265791
|
| 655 |
|
7 |
|a zborníky konferencií
|2 SNKPH
|9 70153
|
| 700 |
1 |
|
|a Klimas, Ján,
|d 1976-
|4 edt
|9 198984
|
| 919 |
|
|
|a 978-80-223-4813-3
|
| 958 |
|
|
|a MI
|
| 958 |
|
|
|a NB
|
| 999 |
|
|
|c 781813
|d 783743
|
| 952 |
|
|
|a SNK
|b SNK
|y PREZ
|7 0
|p 17A1427412
|o snkSC 124932/14
|i snk2020/11013
|8 0
|0 0
|1 0
|4 0
|d 2020-06-22
|f 1
|l 0
|r 2025-06-09 00:00:00
|w 2026-02-24
|
| 952 |
|
|
|a SNK
|b SNK
|y VYP
|7 0
|p 17A1427413
|o snkSC 124932/14 D1
|i snk2020/11014
|8 0
|0 0
|1 0
|4 0
|d 2020-06-22
|l 0
|r 2026-02-24 01:07:40
|w 2026-02-24
|